| 000 | 00000nam 2200000zi 4500 |
| 001 | 9.940924 |
| 003 | CaOODSP |
| 005 | 20250107144100 |
| 006 | m o d f |
| 007 | cr cn||||||||| |
| 008 | 240723t20092009oncd obs f000 0 eng d |
| 040 | |aCaOODSP|beng|erda|cCaOODSP |
| 043 | |an-cn--- |
| 086 | 1 |aCS85-002/29-9E-PDF |
| 100 | 1 |aWallace, Marnie, |eauthor. |
| 245 | 10|aPolice-reported crime statistics in Canada, 2008 / |cby Marnie Wallace. |
| 264 | 1|aOttawa : |bStatistics Canada = Statistique Canada, |c2009. |
| 264 | 4|c©2009 |
| 300 | |a1 online resource (37 pages) : |bgraphs. |
| 336 | |atext|btxt|2rdacontent |
| 337 | |acomputer|bc|2rdamedia |
| 338 | |aonline resource|bcr|2rdacarrier |
| 490 | 1 |aJuristat, |x1209-6393 ; |vVol. 29, no. 3 |
| 500 | |a"July 2009." |
| 500 | |aIssued also in French under title: Statistiques sur les crimes déclarés par la police au Canada, 2008. |
| 504 | |aIncludes bibliographical references (page 37). |
| 520 | |a"Each July, Statistics Canada, through the Canadian Centre for Justice Statistics (CCJS), releases its annual report on police-reported crime in Canada. This report presents information on the short and long-term trends in overall, violent and non-violent crime at the national, provincial/territorial and census metropolitan area levels. For the first time, this report includes information on both the volume and the severity of police-reported crime in Canada. The new police-reported Crime Severity Index (PRCSI) was introduced in the spring of 2009 to enable Canadians to track changes in the severity of police-reported crime from year to year"--Page 6. |
| 650 | 0|aCriminal statistics|zCanada. |
| 650 | 0|aViolent crimes|zCanada|vStatistics. |
| 655 | 7|aStatistics|2lcgft |
| 710 | 2 |aStatistics Canada, |eissuing body. |
| 775 | 08|tStatistiques sur les crimes déclarés par la police au Canada, 2008 / |w(CaOODSP)9.940926 |
| 830 | #0|aJuristat,|x1209-6393 ; |vVol. 29, no. 3.|w(CaOODSP)9.936876 |
| 856 | 40|qPDF|s977 KB|uhttps://publications.gc.ca/collections/collection_2024/statcan/85-002-x/CS85-002-29-9-eng.pdf |
| 856 | 4 |qHTML|sN/A|uhttps://www150.statcan.gc.ca/n1/pub/85-002-x/2009003/article/10902-eng.htm |
| 986 | |a85-002-X |